Marriage and adoption, changes to family law : information for legal professionals.

Guardat en:
Dades bibliogràfiques
Format: Llibre
Idioma:anglès
Publicat: Den Haag : Ministerie van Justitie, [2001]
Etiquetes: Afegir etiqueta
Sense etiquetes, Sigues el primer a etiquetar aquest registre!

MARC

LEADER 00000nam a22000007i 4500
001 IT\ICCU\UBO\3557244
003 ItRI
005 20260115232224.0
008 090120s2001 ne |||||| ||||| |||||c
040 |b ita  |c importazione bologna sebina 
041 7 |a eng  |2 ISO-639-2 
245 0 0 |a Marriage and adoption, changes to family law :  |b information for legal professionals. 
260 |a Den Haag :  |b Ministerie van Justitie,  |c [2001] 
300 |a 16 p. ;  |c 21 cm. 
942 |2 ddc  |c BK  |n 0 
952 |0 0  |1 0  |4 0  |6 DOC_306_738000000000000_MAR  |7 0  |9 22282  |a BO  |b BO  |d 2026-01-15  |i 5843  |l 0  |o DOC 306.738 MAR  |p BO5843  |r 2026-01-15 23:22:24  |w 2026-01-15  |x [Sebina 7] [1 v.]  |y BK  |z 1 v. 
999 |c 19031  |d 19031